Score 0/29 Timer 04:00
3 Plays Today
Hint Answer % Correct
Are known to have used one of the two-way mirrorsHarry Potter
95.5%
Are one of the Dumbledore-siblingsAlbus Dumbledore
95.5%
Are one of the Dumbledore-siblingsAriana Dumbledore
87.3%
Are known to have used one of the two-way mirrorsSirius Black
82.6%
Are barkeepersTom
80.7%
Are barkeepersRosmerta
79.2%
Have first names that are the alphabetically first on their letters*James Potter
57.9%
Are known to have used one of the two-way mirrorsJames Potter
57.9%
Have first names that are the alphabetically first on their letters (cont.)Padma Patil
37%
Have first names that are the alphabetically first on their letters (cont.)Xenophilius Lovegood
33.7%
Have first names that are the alphabetically first on their letters*Dean Thomas
33.6%
Have first names that are the alphabetically first on their letters*Lavender Brown
32.3%
Have first names that are the alphabetically first on their letters*Hannah Abbott
32.1%
Have first names that are the alphabetically first on their letters*Igor Karkaroff
30.2%
Have first names that are the alphabetically first on their letters (cont.)Zacharias Smith
25.6%
Hint Answer % Correct
Have first names that are the alphabetically first on their letters (cont.)Oliver Wood
25.2%
Have first names that are the alphabetically first on their letters (cont.)Vernon Dursley
21.2%
Have first names that are the alphabetically first on their letters*Elphias Doge
19.9%
Have first names that are the alphabetically first on their letters*Fang
19.8%
Have first names that are the alphabetically first on their letters*Bane
19%
Have first names that are the alphabetically first on their letters (cont.)Reg Cattermole
19%
Have first names that are the alphabetically first on their letters (cont.)Nagini
18.1%
Have first names that are the alphabetically first on their letters (cont.)Ted Tonks
17.3%
Have first names that are the alphabetically first on their letters (cont.)Salazar Slytherin
16.3%
Have first names that are the alphabetically first on their letters*Karkus
15.9%
Have first names that are the alphabetically first on their letters (cont.)Mafalda Hopkirk
14.6%
Have first names that are the alphabetically first on their letters (cont.)Walden Macnair
12.8%
Have first names that are the alphabetically first on their letters*Sir Cadogan
12.4%
Have first names that are the alphabetically first on their letters*Gabrielle Delacour
12.1%
Remove Ads.
Support Sporcle.
Get the best of Sporcle when you Go Orange. This ad-free experience offers more features, more stats, and more fun while also helping to support Sporcle. Thank you for becoming a member.

You're not logged in!

Compare scores with friends on all Sporcle quizzes.
OR
Log In

Sporcle TV

Today on Sporcle TV


Watch our educational content, quiz creation guides, and fun videos on Sporcle TV.

Show Comments

Extras

Top Quizzes Today


Score Distribution

Paid Content

Your Account Isn't Verified!

In order to create a playlist on Sporcle, you need to verify the email address you used during registration. Go to your Sporcle Settings to finish the process.

Report this User

Report this user for behavior that violates our Community Guidelines.

Details: